| 000 | 01211nam a2200265Ia 4500 | ||
|---|---|---|---|
| 008 | 0000001982 pr ad 0000000000spa00 | ||
| 090 | _aPPR00 O71o | ||
| 245 | 1 | 0 |
_aOscar Mestey Villamil _c/ coordinación Marimar Benítez, Haydeé Venegas ; fotografías Antonio de Jesús ...[et al.] |
| 300 |
_a[12] p. _c/ 20 cm. |
||
| 500 | _aExposición realizada en Museo de Arte de Ponce, Puerto Rico, agosto, 1982 \ Incluye datos biográficos del artista \ Proyecto Ganador Programa Apoyos Concertados FGAA 2010 | ||
| 501 | _aEl nuevo colorismo de Oscar Mestey Villamil / por Marimar Beníntez | ||
| 505 | _aOBRAS : Tapete para kiss Estudio I Sobremuro VI: a mi gente | ||
| 600 | 0 | 0 |
_aMESTEY VILLAMIL, OSCAR, 1955/ _xTRABAJOS PICTORICOS |
| 650 | 1 | 4 | _aARTE CONTEMPORANEO PUERTORRIQUEÑO |
| 650 | 1 | 4 | _aARTISTAS PLASTICOS PUERTORRIQUEÑOS |
| 650 | 1 | 4 | _xCATALOGOS |
| 650 | 1 | 4 | _aCOLLAGE |
| 650 | 1 | 4 | _xEXPOSICIONES |
| 650 | 1 | 4 | _aLITOGRAFIAS |
| 650 | 1 | 4 | _aPINTORES PUERTORRIQUEÑOS |
| 650 | 1 | 4 | _aPINTURA EN ESMALTE |
| 650 | 1 | 4 | _aPINTURA PUERTORRIQUEÑA |
| 700 | 1 | _aBenítez, Marimar \ Venegas, Haydée \ Jesús, Antonio de | |
| 999 |
_c12307 _d12307 |
||
| 260 |
_aPonce (Puerto Rico) : Museo de Arte de Ponce _c1982 |
||